¿Emprendimiento moral en la identidad chilena? : análisis sociológico sobre clases sociales y televisión /

Bibliographic Details
Main Author: Nazif, José Ignacio
Format: Analitica de revista
Language:Spanish
Published: Santiago, Chile Departamento de Sociología. Universidad de Chile 2006

MARC

LEADER 00000cab a2200000 a 4500
001 042018
003 UAHC_CL
005 20180724173620.0
008 010822b xx j 000 1 spa
952 |0 0  |1 0  |4 0  |6 REVISTA_DE_SOCIOLOGIA20_06_000000000000000  |7 0  |8 General  |9 78659  |a BC  |b BC  |c General  |d 2017-08-03  |l 0  |o REVISTA DE SOCIOLOGIA-20/06  |p FICTICIO7399  |r 2019-01-08 00:00:00  |t 1  |w 2017-08-03  |y REVA 
999 |c 42018  |d 42018 
040 |a UAHC_CL  |c UAHC_CL  |d UAHC_CL 
100 1 |a Nazif, José Ignacio 
245 1 0 |a ¿Emprendimiento moral en la identidad chilena? :  |b análisis sociológico sobre clases sociales y televisión /  |c José Ignacio Nazif. 
260 |b Departamento de Sociología. Universidad de Chile  |c 2006  |a Santiago, Chile 
300 |a pp. 221-246 
500 |a En: Revista de sociología, nº20, 2006. pp. 221-246. ISSN 0716632X. 
773 0 |t Revista del observatorio social de América Latina  |w 042431 
900 |a REVISTA DE SOCIOLOGIA-20/06 
942 |c REVA  |2 ddc